000 00844nam a2200241 i 4500
001 53664
003 ES-MaACL
005 20230906162815.0
007 t|
008 960704s1891 sp ||||1| spa d
040 _aCAM
_bspa
_cCAM
100 1 _aFernández Caro, Ángel.
_949551
245 1 0 _aCausas de la ceguera y modo de evitarlas
_b: conferencia pronunciada en la Sociedad Española de Higiene /
_cpor Angel Fernández Caro.
260 _aMadrid :
_boficinas de la Sociedad,
_c1891.
300 _a52 p. ;
_c17 cm.
490 1 _aPublicaciones de la Sociedad Española de Higiene
650 0 4 _aCeguera.
_910867
710 2 _aSociedad Española de Higiene.
_96725
830 0 _aPublicaciones de la Sociedad Española de Higiene
_9182452
852 _aES-MaACL
_jT-596-F-3
852 _aES-MaACL
_jFol-Laf-526
999 _c53664
_d53664